El trabajo en grupos en la escuela primaria
Enregistré dans:
| Auteur principal: | |
|---|---|
| Format: | Livre |
| Langue: | espagnol |
| Publié: |
Buenos Aires
Kapelusz
1974
|
| Collection: | Colección de Pedagógia Práctica
|
| Sujets: | |
| Tags: |
Ajouter un tag
Pas de tags, Soyez le premier à ajouter un tag!
|
MARC
| LEADER | 00000nam a2200000 a 4500 | ||
|---|---|---|---|
| 001 | UCZ7347 | ||
| 003 | CL-VaPUC | ||
| 008 | 951228e19740000AG |||||||||||||||||spa|d | ||
| 082 | 0 | 4 | |a 371.254 |b FRE |2 21 |
| 100 | 0 | |a Frey, Gerhart |e author |9 352168 | |
| 245 | 1 | 3 | |a El trabajo en grupos en la escuela primaria |
| 300 | |a 94 p | ||
| 942 | |c BK | ||
| 945 | |d 19951228 00:00:00 |a cmena | ||
| 260 | |a Buenos Aires |b Kapelusz |c 1974 | ||
| 650 | 0 | |a Educación básica |9 224933 | |
| 650 | 7 | |a TRABAJO EN GRUPO METODO DE ENSEÑANZA |2 CL-VaPUC |9 309108 | |
| 650 | 0 | |a Métodos de enseñanza |9 270413 | |
| 650 | 0 | |a Disciplina escolar |9 271077 | |
| 650 | 7 | |a METODOS ACTIVOS |2 CL-VaPUC |9 352169 | |
| 650 | 0 | |a Juegos educativos |9 307366 | |
| 650 | 0 | |a Psicología educacional |9 307830 | |
| 583 | |a last modification |c 19951228 00:00:00 |k Rodrigo Vera | ||
| 490 | 0 | |a Colección de Pedagógia Práctica | |
| 999 | |c 243440 |d 243438 | ||
| 952 | |0 0 |1 0 |4 0 |6 371_254000000000000_FRE_1974 |7 0 |8 P |9 257062 |a BIBEDU |b BIBEDU |c BIBEDU_PB |d 2019-11-19 |i 1613804 |o 371.254 FRE 1974 |p 1613804 |r 2024-01-25 |w 2019-11-19 |y BK |k EDU | ||